000
00185 a2200097 4500
020
_a
9780030564673
041
_a
eng
100
_a
Holt
245
_a
Great british histories
942
_c
BK
999
_c
30271
_d
30269